Statistics for Matariki, the Maori New Year

Click here to take the quiz!

General Stats

  • This quiz has been taken 22 times
  • The average score is 7 of 10

Answer Stats

hintanswer% Correct
The other possible month this movable holiday date will be observedJuly
95%
In 2022, Matariki will be observed on 24th of...June
95%
The central star of the Matariki star cluster is, of course, called...Matariki
74%
The six surrounding stars in that clusterTupu-a-n{uku}
74%
The six surrounding stars in that clusterWait{i}
74%
The six surrounding stars in that clusterTupu-a-ra{ngi}
63%
The six surrounding stars in that clusterWai{ta}
63%
The six surrounding stars in that clusterWaipuna-a-r{angi}
58%
European name of the star cluster known in Maori as MatarikiPleiades
53%
The six surrounding stars in that clusterUru{rangi}
53%

Score Distribution

Percentile by Number Answered

Percent of People with Each Score

Your Score History

You have not taken this quiz